[Event "Eesti naiste MV 2003"]
[Site "Tallinn"]
[Date "2003.08.15"]
[Round "1"]
[White "Airapetjan, Jana"]
[Black "Rotova, Merike"]
[Result "1-0"]
[WhiteElo "1915"]
[BlackElo "2005"]
[PlyCount "69"]
[EventDate "2003.08.15"]

1. e4 d5 2. exd5 Nf6 3. b3 g6 4. Bb2 Bg7 5. Nf3 O-O 6. d3 Qxd5 7. Nc3 Qd8 8. h3
c5 9. Qd2 Nc6 10. g4 Nd4 11. Bg2 e5 12. O-O-O Re8 13. Rde1 Qc7 14. Qe3 Bd7 15.
Nd2 Bc6 16. Bxc6 Qxc6 17. f3 b5 18. h4 a5 19. a4 bxa4 20. Nxa4 Rab8 21. h5 Rb4
22. Nc3 a4 23. bxa4 Reb8 24. Nc4 Nxf3 25. Rhf1 e4 26. hxg6 Nxg4 27. gxh7+ Kf8
28. Qxe4 Qxe4 29. dxe4 Bxc3 30. Rxf3 Rxb2 31. Nxb2 Bxb2+ 32. Kd2 Bg7 33. Rg1
Ne5 34. Rf5 Rb4 35. Rxg7 1-0

[Event "Eesti naiste MV 2003"]
[Site "Tallinn"]
[Date "2003.08.15"]
[Round "1"]
[White "Makarova, Natalja"]
[Black "Bashkite, Viktoria"]
[Result "0-1"]
[WhiteElo "1776"]
[BlackElo "2116"]
[PlyCount "58"]
[EventDate "2003.08.15"]

1. d4 d5 2. Nf3 c6 3. e3 e6 4. Bd3 f5 5. b3 Nf6 6. Bb2 Bd6 7. O-O O-O 8. Nbd2
Nbd7 9. Ne5 Bxe5 10. dxe5 Ng4 11. Nf3 Qc7 12. Be2 Ndxe5 13. Nxe5 Nxe5 14. Qd4
Ng6 15. Bh5 e5 16. Qc3 Re8 17. f4 exf4 18. exf4 Re4 19. Rae1 d4 20. Qd2 c5 21.
c3 b6 22. Rxe4 fxe4 23. cxd4 Ba6 24. Rf2 Rd8 25. Qe3 cxd4 26. Qxe4 d3 27. f5 d2
28. Bd1 Qc1 29. Qg4 Re8 0-1

[Event "Eesti naiste MV 2003"]
[Site "Tallinn"]
[Date "2003.08.15"]
[Round "1"]
[White "Vahtra, Tuuli"]
[Black "Tsoganova, Monika"]
[Result "1/2-1/2"]
[WhiteElo "1957"]
[BlackElo "2273"]
[PlyCount "79"]
[EventDate "2003.08.15"]

1. f4 d5 2. Nf3 Nf6 3. e3 c5 4. b3 Nc6 5. Bb5 Qb6 6. Bxc6+ bxc6 7. O-O e6 8.
Nc3 Be7 9. Ne5 O-O 10. Na4 Qb5 11. Ba3 Nd7 12. Nxd7 Bxd7 13. d4 Rfe8 14. Bxc5
Bd8 15. Nb2 a5 16. Nd3 a4 17. Ne5 Qb7 18. Qh5 Bc8 19. Rf3 g6 20. Qh6 f6 21.
Nxg6 Qg7 22. Qxg7+ Kxg7 23. Nh4 axb3 24. Rg3+ Kf7 25. cxb3 Ba6 26. Nf3 Bd3 27.
Nd2 Bc7 28. Rf3 Reb8 29. b4 Bc2 30. Rf2 Ba4 31. Nb1 Bb5 32. Rb2 e5 33. fxe5
fxe5 34. Nc3 Bc4 35. a4 Ke6 36. Rab1 Bd3 37. Rd1 Bc4 38. Rdb1 Bd3 39. Rd1 Bc4
40. Rdb1 1/2-1/2

[Event "Eesti naiste MV 2003"]
[Site "Tallinn"]
[Date "2003.08.15"]
[Round "1"]
[White "Fomina, Tatjana"]
[Black "Makarova, Kermen"]
[Result "1-0"]
[WhiteElo "2210"]
[BlackElo "1733"]
[PlyCount "25"]
[EventDate "2003.08.15"]

1. d4 Nf6 2. Nc3 e6 3. e4 Bb4 4. Bg5 h6 5. Bxf6 Qxf6 6. a3 Bxc3+ 7. bxc3 Nc6 8.
Nf3 O-O 9. e5 Qf4 10. Bd3 Qg4 11. h3 Qxg2 12. Rh2 Qxh2 13. Nxh2 1-0

[Event "Eesti naiste MV 2003"]
[Site "Tallinn"]
[Date "2003.08.16"]
[Round "2"]
[White "Rotova, Merike"]
[Black "Makarova, Kermen"]
[Result "1-0"]
[WhiteElo "2005"]
[BlackElo "1733"]
[PlyCount "75"]
[EventDate "2003.08.15"]

1. e4 e5 2. Nc3 Bc5 3. g3 d6 4. Bg2 Nc6 5. Nge2 Nge7 6. O-O Be6 7. Na4 Qd7 8.
Nxc5 dxc5 9. Re1 O-O-O 10. d3 c4 11. Be3 cxd3 12. Nc3 dxc2 13. Qxc2 Rdf8 14.
Red1 Nd4 15. Bxd4 exd4 16. Ne2 Nc6 17. Qa4 Rd8 18. Rac1 a6 19. Nf4 Ne7 20. Qa5
c6 21. Nd3 Qc7 22. Qa4 Qb6 23. Rc5 Rd6 24. Rdc1 Rhd8 25. b4 Kb8 26. Qc2 Rc8 27.
a4 f6 28. b5 axb5 29. axb5 cxb5 30. Qb2 Rxc5 31. Rxc5 Bc4 32. e5 Rd8 33. Rxc4
fxe5 34. Rb4 Nc6 35. Rxb5 Qc7 36. Nc5 Qd6 37. Nxb7 Qc7 38. Nxd8+ 1-0

[Event "Eesti naiste MV 2003"]
[Site "Tallinn"]
[Date "2003.08.16"]
[Round "2"]
[White "Tsoganova, Monika"]
[Black "Fomina, Tatjana"]
[Result "0-1"]
[WhiteElo "2273"]
[BlackElo "2210"]
[PlyCount "98"]
[EventDate "2003.08.15"]

1. e4 e6 2. d4 d5 3. Nd2 dxe4 4. Nxe4 Qd5 5. Nc3 Bb4 6. Nf3 b6 7. Be2 Bb7 8.
O-O Bxc3 9. bxc3 Nf6 10. c4 Qd6 11. a4 Nbd7 12. c5 bxc5 13. dxc5 Nxc5 14. Ba3
Nfe4 15. Bb5+ Ke7 16. Qc1 f6 17. Rd1 Qb6 18. Rd7+ Kf8 19. Qe3 Kg8 20. Rd4 a6
21. Bc4 Re8 22. h3 Kf7 23. Rdd1 Nxa4 24. Nd4 Nac3 25. Re1 Bd5 26. Bxd5 exd5 27.
f3 Na4 28. Rab1 Qa7 29. Qd3 Nec3 30. Kh2 c5 31. Nf5 Qc7+ 32. Kh1 g6 33. Ne3 Qc6
34. Ra1 Re6 35. Ng4 Rhe8 36. Rf1 Ne2 37. Rf2 h5 38. Nh2 c4 39. Qd2 c3 40. Qh6
Ng3+ 41. Kg1 Re1+ 42. Rxe1 Rxe1+ 43. Nf1 Nf5 44. Qf4 Nc5 45. Qb4 Nd7 46. Qf4
Ne3 47. Qd4 Nd1 48. Kh2 Qe6 49. h4 Qe5+ 0-1

[Event "Eesti naiste MV 2003"]
[Site "Tallinn"]
[Date "2003.08.16"]
[Round "2"]
[White "Bashkite, Viktoria"]
[Black "Vahtra, Tuuli"]
[Result "1-0"]
[WhiteElo "2116"]
[BlackElo "1957"]
[PlyCount "51"]
[EventDate "2003.08.15"]

1. e4 e6 2. d4 d5 3. e5 c5 4. c3 Nc6 5. Nf3 Qb6 6. a3 cxd4 7. cxd4 f6 8. exf6
Nxf6 9. Bd3 Bd6 10. O-O O-O 11. Re1 Ng4 12. Nc3 Nxd4 13. Bxh7+ Kxh7 14. Ng5+
Kg8 15. Qxg4 Nc2 16. Be3 Nxe3 17. Qh4 Rf5 18. Rxe3 Rxg5 19. Qxg5 d4 20. Na4 Qc7
21. Re4 e5 22. Rc1 Qa5 23. Rxd4 Bf8 24. Rd8 Qxa4 25. Qxe5 Qb3 26. Qe7 1-0

[Event "Eesti naiste MV 2003"]
[Site "Tallinn"]
[Date "2003.08.16"]
[Round "2"]
[White "Airapetjan, Jana"]
[Black "Makarova, Natalja"]
[Result "1-0"]
[WhiteElo "1915"]
[BlackElo "1776"]
[PlyCount "75"]
[EventDate "2003.08.15"]

1. e4 e5 2. Nf3 Nc6 3. Bb5 a6 4. Ba4 Nf6 5. O-O Bc5 6. Re1 b5 7. Bb3 d6 8. h3
O-O 9. c3 Bb6 10. d4 exd4 11. cxd4 d5 12. e5 Ne4 13. Be3 f6 14. exf6 Rxf6 15.
Ne5 Nxe5 16. dxe5 Bxe3 17. Rxe3 Re6 18. Rxe4 c6 19. Re3 Qg5 20. Qd4 Rg6 21.
Bxd5+ Kh8 22. Be4 Bf5 23. g4 Rd8 24. Qb4 h5 25. Bxf5 Qxf5 26. Qe4 Qe6 27. Rg3
h4 28. Rd3 Rxd3 29. Qxd3 Qxe5 30. Nc3 Rd6 31. Qe4 Qf6 32. Re1 Rd4 33. Qe8+ Kh7
34. Qh5+ Qh6 35. Qxh6+ Kxh6 36. Re6+ Kg5 37. Rxc6 Rd2 38. Ne4+ 1-0

[Event "Eesti naiste MV 2003"]
[Site "Tallinn"]
[Date "2003.08.17"]
[Round "3"]
[White "Makarova, Natalja"]
[Black "Rotova, Merike"]
[Result "1/2-1/2"]
[WhiteElo "1776"]
[BlackElo "2005"]
[PlyCount "170"]
[EventDate "2003.08.15"]

1. d4 Nf6 2. Nf3 g6 3. e3 Bg7 4. b3 c5 5. Bb2 d6 6. Nbd2 O-O 7. Bd3 Nc6 8. a3
Bg4 9. h3 Bd7 10. O-O a6 11. c4 Qc7 12. Qc2 b6 13. Ne4 Nxe4 14. Bxe4 Rae8 15.
Rfd1 f5 16. Bd5+ e6 17. Bxc6 Bxc6 18. d5 exd5 19. cxd5 Bb7 20. Ng5 Bc8 21. Rd2
Qe7 22. h4 h6 23. Nf3 Qf7 24. Bxg7 Kxg7 25. Re1 Re4 26. Qc3+ Kh7 27. g3 Rfe8
28. b4 f4 29. Kg2 Qf5 30. Ng1 Bb7 31. Qb3 c4 32. Qd1 fxe3 33. fxe3 Rxe3 34. Rf1
Qe4+ 35. Kh2 Re7 36. Rf4 Qe5 37. Kh3 Bc8+ 38. Kh2 Bf5 39. a4 Qc3 40. Ne2 Qxb4
41. Nd4 Qc3 42. Nxf5 gxf5 43. Rxf5 Rxg3 44. Qf1 Qxd2+ 45. Kxg3 Rg7+ 46. Kh3
Qe3+ 47. Rf3 Qe5 48. Rf4 Qxd5 49. Rxc4 Qe6+ 50. Kh2 Qe5+ 51. Kh1 Qd5+ 52. Kh2
Rf7 53. Qb1+ Qf5 54. Qxf5+ Rxf5 55. Rc7+ Kg6 56. Rc6 Rd5 57. Rxb6 a5 58. Rb5
Rd4 59. h5+ Kf6 60. Rxa5 Ke6 61. Rb5 Rxa4 62. Kg3 Re4 63. Rb6 Ke5 64. Rb5+ Kd4
65. Rb4+ Kd5 66. Rb8 Re6 67. Kf4 Rf6+ 68. Ke3 Ke5 69. Re8+ Kf5 70. Rg8 Re6+ 71.
Kd4 Kf6 72. Kd5 Re5+ 73. Kxd6 Rxh5 74. Rf8+ Kg7 75. Rf1 Rg5 76. Ke6 Kg6 77.
Rf6+ Kh5 78. Rf1 Kg6 79. Rf6+ Kg7 80. Rf5 Rg6+ 81. Ke5 Rg1 82. Rh5 Kg6 83. Rh2
h5 84. Kf4 Rg4+ 85. Kf3 Kg5 1/2-1/2

[Event "Eesti naiste MV 2003"]
[Site "Tallinn"]
[Date "2003.08.17"]
[Round "3"]
[White "Vahtra, Tuuli"]
[Black "Airapetjan, Jana"]
[Result "1-0"]
[WhiteElo "1957"]
[BlackElo "1915"]
[PlyCount "83"]
[EventDate "2003.08.15"]

1. f4 c5 2. Nf3 Nf6 3. e3 g6 4. b3 Bg7 5. Bb2 d6 6. Bb5+ Nc6 7. Bxc6+ bxc6 8.
O-O O-O 9. d3 Bg4 10. Qe1 Nh5 11. Bxg7 Kxg7 12. Nbd2 Qc8 13. Qh4 Nf6 14. e4
Bxf3 15. Rxf3 Qg4 16. Qf2 Nh5 17. e5 d5 18. h3 Qe6 19. g4 Nxf4 20. Rxf4 Qxe5
21. Re1 Qd6 22. Qe3 Rh8 23. Qe5+ Qxe5 24. Rxe5 e6 25. Ra4 a5 26. Nf3 Kf8 27.
Re2 h5 28. Ne5 hxg4 29. hxg4 Kg7 30. Nxc6 Rh3 31. Rxa5 Rah8 32. Rxc5 Rh1+ 33.
Kf2 Rd1 34. Ke3 Rh3+ 35. Kd4 Rg3 36. a4 Rxg4+ 37. Kc3 f5 38. Rxe6 f4 39. Ne5
Rg2 40. Rxd5 Re1 41. Rd7+ Kh6 42. Nf7+ 1-0

[Event "Eesti naiste MV 2003"]
[Site "Tallinn"]
[Date "2003.08.17"]
[Round "3"]
[White "Fomina, Tatjana"]
[Black "Bashkite, Viktoria"]
[Result "1-0"]
[WhiteElo "2210"]
[BlackElo "2116"]
[PlyCount "37"]
[EventDate "2003.08.15"]

1. d4 d5 2. Nc3 Nf6 3. Bg5 c6 4. e3 Qb6 5. Rb1 g6 6. Bd3 Bg7 7. h3 Nbd7 8. Nf3
O-O 9. O-O Re8 10. Bxf6 exf6 11. e4 dxe4 12. Nxe4 Qc7 13. Re1 f5 14. Neg5 Rxe1+
15. Qxe1 h6 16. Qe7 hxg5 17. Nxg5 Qf4 18. Bc4 Qxd4 19. Qxf7+ 1-0

[Event "Eesti naiste MV 2003"]
[Site "Tallinn"]
[Date "2003.08.17"]
[Round "3"]
[White "Makarova, Kermen"]
[Black "Tsoganova, Monika"]
[Result "0-1"]
[WhiteElo "1733"]
[BlackElo "2273"]
[PlyCount "78"]
[EventDate "2003.08.15"]

1. c4 c5 2. Nc3 e6 3. g3 Nf6 4. Bg2 Be7 5. e3 O-O 6. Nge2 a6 7. O-O Qc7 8. b3
d6 9. Bb2 Nbd7 10. d4 cxd4 11. Nxd4 Re8 12. Qc2 Rb8 13. Rad1 h6 14. Rd2 Ne5 15.
Re1 Bd7 16. f4 Nc6 17. Nf3 b5 18. cxb5 axb5 19. e4 Qb6+ 20. Kh1 Rbc8 21. e5 Ng4
22. Rde2 dxe5 23. fxe5 Nb4 24. Qd2 Bc6 25. Rf1 Bc5 26. Nd1 h5 27. h3 Nh6 28. a3
Rcd8 29. Qg5 Nd3 30. b4 Be7 31. Qxh5 Nf5 32. Qg4 Nxb2 33. Rxb2 Rd3 34. Ra2 Red8
35. Ra1 Bxf3 36. Bxf3 R8d4 37. Be4 Nxg3+ 38. Kg2 Nxe4 39. Rf4 Rg3+ 0-1

[Event "Eesti naiste MV 2003"]
[Site "Tallinn"]
[Date "2003.08.18"]
[Round "4"]
[White "Rotova, Merike"]
[Black "Tsoganova, Monika"]
[Result "0-1"]
[WhiteElo "2005"]
[BlackElo "2273"]
[PlyCount "122"]
[EventDate "2003.08.15"]

1. d4 d5 2. f4 Nf6 3. e3 Bg4 4. Be2 Bxe2 5. Qxe2 a6 6. c3 e6 7. Nd2 c5 8. Nh3
Nc6 9. O-O Bd6 10. g3 O-O 11. Rf2 b5 12. Rg2 Qb6 13. Nf2 Nd7 14. Nf3 a5 15. Ne5
Ndxe5 16. fxe5 Be7 17. Nd3 a4 18. Bd2 b4 19. Rf1 a3 20. Bc1 axb2 21. Qxb2 c4
22. Nf4 Qa5 23. cxb4 Bxb4 24. Qe2 Ra7 25. Nh5 Ne7 26. Qg4 Ng6 27. h4 Rfa8 28.
Nxg7 Kxg7 29. h5 Qd8 30. hxg6 hxg6 31. Qf4 g5 32. Qg4 Rxa2 33. Rxa2 Rxa2 34.
Rf6 Qg8 35. e4 Ra1 36. Rf1 Qh7 37. exd5 exd5 38. Bxg5 Rxf1+ 39. Kxf1 Qh1+ 40.
Kf2 Qh2+ 41. Kf1 Qh1+ 42. Kf2 Qe1+ 43. Kg2 Qe4+ 44. Qxe4 dxe4 45. d5 Kg6 46.
Bf4 Kf5 47. Kf2 Bc5+ 48. Ke2 c3 49. d6 Ke6 50. g4 Bb6 51. Kd1 e3 52. Bg3 Kd5
53. Kc2 Kd4 54. Bh4 e2 55. Be1 Ba5 56. d7 Kxe5 57. Bxc3+ Bxc3 58. d8=Q e1=Q 59.
Qe7+ Kd4 60. Qd6+ Ke4 61. Qd3+ Kf4 0-1

[Event "Eesti naiste MV 2003"]
[Site "Tallinn"]
[Date "2003.08.18"]
[Round "4"]
[White "Bashkite, Viktoria"]
[Black "Makarova, Kermen"]
[Result "1-0"]
[WhiteElo "2116"]
[BlackElo "1733"]
[PlyCount "65"]
[EventDate "2003.08.15"]

1. c4 c5 2. Nc3 e6 3. g3 d5 4. cxd5 exd5 5. d4 Nf6 6. Bg2 Nc6 7. Nf3 Be6 8. O-O
Bd6 9. Nb5 O-O 10. Nxd6 Qxd6 11. Bf4 Qe7 12. dxc5 Qxc5 13. Rc1 Qb6 14. b3 Rfe8
15. Be3 Qa6 16. Nd4 Nxd4 17. Bxd4 Ne4 18. Qc2 Bf5 19. Qb2 f6 20. e3 Rad8 21.
Rfd1 Ng5 22. h4 Ne6 23. Bc3 Be4 24. f3 Bd3 25. Qd2 Bb5 26. a4 Bc6 27. Bf1 Qb6
28. Ba5 Qxb3 29. Rb1 Qa3 30. Bb4 Qxa4 31. Ra1 Ng5 32. hxg5 Qb3 33. Ra3 1-0

[Event "Eesti naiste MV 2003"]
[Site "Tallinn"]
[Date "2003.08.18"]
[Round "4"]
[White "Airapetjan, Jana"]
[Black "Fomina, Tatjana"]
[Result "0-1"]
[WhiteElo "1915"]
[BlackElo "2210"]
[PlyCount "32"]
[EventDate "2003.08.15"]

1. e4 c5 2. Nf3 e6 3. d4 cxd4 4. Nxd4 Nc6 5. c4 Nf6 6. Nc3 Bb4 7. f3 d5 8. cxd5
exd5 9. Bb5 O-O 10. Bxc6 bxc6 11. e5 Re8 12. f4 Ne4 13. g3 Nxc3 14. Qb3 Nxa2+
15. Bd2 Bxd2+ 16. Kxd2 Qb6 0-1

[Event "Eesti naiste MV 2003"]
[Site "Tallinn"]
[Date "2003.08.18"]
[Round "4"]
[White "Makarova, Natalja"]
[Black "Vahtra, Tuuli"]
[Result "0-1"]
[WhiteElo "1776"]
[BlackElo "1957"]
[PlyCount "90"]
[EventDate "2003.08.15"]

1. e4 e6 2. d4 d5 3. exd5 exd5 4. c4 Be6 5. Qa4+ Qd7 6. Qxd7+ Nxd7 7. cxd5 Bxd5
8. Nc3 Bb4 9. Bd2 Ngf6 10. Nxd5 Nxd5 11. Bc4 N7b6 12. Bxd5 Nxd5 13. Bxb4 Nxb4
14. Kd2 O-O-O 15. Kc3 Nd5+ 16. Kc4 Rhe8 17. Rd1 Re6 18. Rd2 Rc6+ 19. Kb3 Rg6
20. g3 Rf6 21. f4 h6 22. Nh3 Rb6+ 23. Kc4 Ne3+ 24. Kc3 Rc6+ 25. Kb3 Nc4 26. Rd3
Na5+ 27. Kb4 Rc4+ 28. Ka3 Rcxd4 29. Rxd4 Rxd4 30. Re1 Kd7 31. Re2 b5 32. b3 c5
33. Rc2 Nb7 34. Nf2 a5 35. Ng4 Kd6 36. Ne3 g6 37. Ng4 h5 38. Ne5 Ke6 39. Re2
Kf6 40. Nc6 Rd7 41. Na7 Nd6 42. Rd2 Nc4+ 43. bxc4 b4+ 44. Ka4 Rxd2 45. Kb3 a4+
0-1

[Event "Eesti naiste MV 2003"]
[Site "Tallinn"]
[Date "2003.08.19"]
[Round "5"]
[White "Vahtra, Tuuli"]
[Black "Rotova, Merike"]
[Result "0-1"]
[WhiteElo "1957"]
[BlackElo "2005"]
[PlyCount "68"]
[EventDate "2003.08.15"]

1. f4 Nf6 2. Nf3 d6 3. e3 c5 4. Bb5+ Bd7 5. Qe2 g6 6. b3 Bg7 7. Bb2 O-O 8. Bxd7
Qxd7 9. O-O Nc6 10. d3 Rad8 11. e4 Qg4 12. Qe3 Qd7 13. Qe1 Nb4 14. Na3 Nc6 15.
Ng5 e5 16. Qh4 h6 17. Nh3 Qg4 18. Qe1 Nh5 19. f5 Nd4 20. Nc4 Nf4 21. Nxf4 exf4
22. Qf2 b5 23. f6 Bxf6 24. e5 Bh4 25. Qd2 bxc4 26. Bxd4 cxd4 27. Rxf4 Bg5 28.
Rxg4 Bxd2 29. exd6 c3 30. Kh1 Rxd6 31. Re4 Rfd8 32. Rf1 R8d7 33. Re8+ Kg7 34.
Re4 Re6 0-1

[Event "Eesti naiste MV 2003"]
[Site "Tallinn"]
[Date "2003.08.19"]
[Round "5"]
[White "Fomina, Tatjana"]
[Black "Makarova, Natalja"]
[Result "1-0"]
[WhiteElo "2210"]
[BlackElo "1776"]
[PlyCount "51"]
[EventDate "2003.08.15"]

1. e4 e5 2. Nf3 Nc6 3. Bb5 a6 4. Ba4 Nf6 5. Qe2 b5 6. Bb3 Bc5 7. c3 Bb7 8. O-O
O-O 9. d3 h6 10. Be3 Bb6 11. Nbd2 Kh8 12. d4 exd4 13. cxd4 d5 14. e5 Ne4 15.
Rad1 f5 16. exf6 Rxf6 17. Nxe4 dxe4 18. Ne5 Qe7 19. Qh5 Nxe5 20. dxe5 Rff8 21.
Bxb6 cxb6 22. Rd6 Rae8 23. Re6 Qg5 24. Rxe8 Qxh5 25. Rxf8+ Kh7 26. Bg8+ 1-0

[Event "Eesti naiste MV 2003"]
[Site "Tallinn"]
[Date "2003.08.19"]
[Round "5"]
[White "Makarova, Kermen"]
[Black "Airapetjan, Jana"]
[Result "1-0"]
[WhiteElo "1733"]
[BlackElo "1915"]
[PlyCount "81"]
[EventDate "2003.08.15"]

1. c4 e5 2. Nc3 Nf6 3. g3 g6 4. Bg2 Bg7 5. e3 O-O 6. Nge2 d6 7. O-O c6 8. d4
exd4 9. exd4 Bf5 10. Be3 Qd7 11. Nf4 Na6 12. Qd2 Nc7 13. Rfe1 Ng4 14. Ne4 Nxe3
15. Rxe3 Ne6 16. Nxe6 fxe6 17. Rae1 Rae8 18. R3e2 Bg4 19. f3 Bxf3 20. Bxf3 Rxf3
21. d5 cxd5 22. cxd5 e5 23. Qb4 Rd8 24. Ng5 Rd3 25. Qe4 Rd4 26. Qg2 Rc8 27. Ne6
Rdc4 28. Rf1 Rc1 29. Ref2 Qb5 30. Qf3 Rxf1+ 31. Rxf1 Qd7 32. g4 a6 33. h4 b5
34. h5 Qa7+ 35. Kh1 Qe7 36. Qh3 Rc2 37. h6 Qb7 38. Qf3 Qe7 39. Qh3 Qb7 40. hxg7
Qxd5+ 41. Qf3 1-0

[Event "Eesti naiste MV 2003"]
[Site "Tallinn"]
[Date "2003.08.19"]
[Round "5"]
[White "Tsoganova, Monika"]
[Black "Bashkite, Viktoria"]
[Result "1-0"]
[WhiteElo "2273"]
[BlackElo "2116"]
[PlyCount "59"]
[EventDate "2003.08.15"]

1. d4 e6 2. c4 b6 3. e4 Bb7 4. Nc3 Bb4 5. f3 f5 6. exf5 exf5 7. Nh3 Qh4+ 8. g3
Qe7+ 9. Kf2 Nf6 10. Bd3 O-O 11. Re1 Qd6 12. Nb5 Bxe1+ 13. Qxe1 Qe6 14. Qxe6+
dxe6 15. Nxc7 Rf7 16. Nxa8 Bxa8 17. Nf4 Re7 18. b3 g5 19. Ba3 Re8 20. Ne2 Nbd7
21. Nc3 Kf7 22. Nb5 Kg6 23. Nc7 Rc8 24. Nxe6 g4 25. fxg4 Nxg4+ 26. Kg1 Kf6 27.
d5 Nde5 28. Bb2 Kg6 29. Be2 b5 30. h3 1-0

[Event "Eesti naiste MV 2003"]
[Site "Tallinn"]
[Date "2003.08.20"]
[Round "6"]
[White "Rotova, Merike"]
[Black "Bashkite, Viktoria"]
[Result "0-1"]
[WhiteElo "2005"]
[BlackElo "2116"]
[PlyCount "88"]
[EventDate "2003.08.15"]

1. d4 Nf6 2. f4 d5 3. e3 c5 4. c3 Nc6 5. Bd3 b6 6. Nd2 Qc7 7. Ndf3 Bg4 8. Qc2
Bxf3 9. Nxf3 g6 10. Ne5 Nd7 11. O-O Bg7 12. Bd2 O-O 13. Be1 Rac8 14. Qe2 e6 15.
Bg3 f6 16. Nxc6 Qxc6 17. Bb5 Qd6 18. f5 Qe7 19. fxg6 hxg6 20. Qg4 f5 21. Qxg6
Rf6 22. Bh4 Rxg6 23. Bxe7 Nf6 24. Rf3 Ne4 25. Bd3 Kf7 26. Bh4 Rh8 27. Be1 Bh6
28. Rc1 Bf8 29. c4 Ng5 30. Rf1 dxc4 31. Bxc4 Bd6 32. g3 cxd4 33. exd4 Ke7 34.
Bd2 Ne4 35. Bf4 Bxf4 36. Rxf4 Rgh6 37. Bb5 Rxh2 38. Rc7+ Kf6 39. d5 Rh1+ 40.
Kg2 R8h2+ 41. Kf3 Rf2+ 42. Ke3 Re1+ 43. Kd4 Rd2+ 44. Bd3 e5+ 0-1

[Event "Eesti naiste MV 2003"]
[Site "Tallinn"]
[Date "2003.08.20"]
[Round "6"]
[White "Airapetjan, Jana"]
[Black "Tsoganova, Monika"]
[Result "0-1"]
[WhiteElo "1915"]
[BlackElo "2273"]
[PlyCount "68"]
[EventDate "2003.08.15"]

1. e4 c6 2. d4 d5 3. e5 Bf5 4. Nc3 Qb6 5. g4 Bd7 6. f3 e6 7. a3 c5 8. Nge2 cxd4
9. Nxd4 Bc5 10. Nce2 Nc6 11. c3 Nxe5 12. b4 Nxf3+ 13. Kf2 Bxd4+ 14. cxd4 Ne5
15. Ng3 Ne7 16. Be3 Nc4 17. Bxc4 dxc4 18. Nh5 Nd5 19. Nxg7+ Ke7 20. Qf3 Bc6 21.
Rhe1 Raf8 22. Bg5+ Kd7 23. Red1 Nxb4 24. Qc3 Nd3+ 25. Rxd3 cxd3 26. Nh5 f5 27.
Nf6+ Kc8 28. gxf5 Rxf6 29. Bxf6 Rf8 30. Be5 Rxf5+ 31. Ke1 Qd8 32. Bg3 Qd5 33.
Rd1 Rf1+ 34. Kxf1 Qg2+ 0-1

[Event "Eesti naiste MV 2003"]
[Site "Tallinn"]
[Date "2003.08.20"]
[Round "6"]
[White "Makarova, Natalja"]
[Black "Makarova, Kermen"]
[Result "0-1"]
[WhiteElo "1776"]
[BlackElo "1733"]
[PlyCount "42"]
[EventDate "2003.08.15"]

1. e4 e6 2. d4 d5 3. exd5 exd5 4. c4 Nf6 5. Nc3 Bb4 6. a3 Bxc3+ 7. bxc3 Be6 8.
Qb3 b6 9. Bg5 Nbd7 10. Nf3 Qe7 11. Ne5 dxc4 12. Bxc4 Bxc4 13. Qxc4 Nxe5 14.
Bxf6 Nxc4+ 15. Bxe7 Kxe7 16. O-O Rhe8 17. Rfe1+ Kf8 18. a4 Rad8 19. Kf1 c5 20.
dxc5 bxc5 21. Ra2 Nd2+ 0-1

[Event "Eesti naiste MV 2003"]
[Site "Tallinn"]
[Date "2003.08.20"]
[Round "6"]
[White "Vahtra, Tuuli"]
[Black "Fomina, Tatjana"]
[Result "0-1"]
[WhiteElo "1957"]
[BlackElo "2210"]
[PlyCount "120"]
[EventDate "2003.08.15"]

1. f4 d5 2. Nf3 Nf6 3. e3 Bg4 4. Be2 Nbd7 5. b3 Bxf3 6. Bxf3 e5 7. fxe5 Nxe5 8.
Bb2 Bd6 9. Nc3 c6 10. Qe2 Qe7 11. Nd1 O-O 12. O-O b5 13. Nf2 Nxf3+ 14. Qxf3 Ne4
15. Nxe4 dxe4 16. Qg4 Be5 17. Bxe5 Qxe5 18. Qf5 Rae8 19. Qxe5 Rxe5 20. Rf4 Rd8
21. Raf1 f6 22. R4f2 b4 23. Ra1 Ra5 24. Kf1 Rdd5 25. Ke2 f5 26. Kd1 Rd6 27. Kc1
g6 28. Kb2 Rad5 29. Rd1 Kg7 30. a3 a5 31. axb4 axb4 32. g3 Kh6 33. Re2 Kg5 34.
Kc1 Rd7 35. Kb2 Rd8 36. Rf2 R5d7 37. Re2 Ra8 38. Ra1 Rxa1 39. Kxa1 Kg4 40. Rf2
g5 41. Kb2 h5 42. Kc1 Rd5 43. Kb2 h4 44. gxh4 Kxh4 45. c3 c5 46. c4 Rd8 47. Kc2
Kg4 48. Rg2+ Kh5 49. Rf2 Kg6 50. Rf1 Rh8 51. Rf2 Rh3 52. Kd1 Kf6 53. Ke2 Ke5
54. Rg2 Rh5 55. Rf2 f4 56. Kd1 Rh3 57. Ke2 f3+ 58. Ke1 g4 59. Kf1 g3 60. hxg3
Rh1# 0-1

[Event "Eesti naiste MV 2003"]
[Site "Tallinn"]
[Date "2003.08.21"]
[Round "7"]
[White "Fomina, Tatjana"]
[Black "Rotova, Merike"]
[Result "1-0"]
[WhiteElo "2210"]
[BlackElo "2005"]
[PlyCount "59"]
[EventDate "2003.08.15"]

1. d4 Nf6 2. Nc3 d6 3. Bg5 Bf5 4. f3 h6 5. Bh4 Nbd7 6. e4 Bh7 7. Qe2 e5 8.
O-O-O Be7 9. dxe5 Nxe5 10. f4 Ng6 11. Bg3 Nd7 12. Nf3 O-O 13. h4 Re8 14. Qd2
Ngf8 15. Bc4 Nb6 16. Bb3 Nfd7 17. Bf2 Bf6 18. e5 dxe5 19. Bxb6 Nxb6 20. Qf2 Qc8
21. fxe5 Bxe5 22. Ng5 Bg6 23. Bxf7+ Bxf7 24. Qxf7+ Kh8 25. Rdf1 Rf8 26. Qg6
Rxf1+ 27. Rxf1 hxg5 28. Qh5+ Kg8 29. Qf7+ Kh7 30. hxg5 1-0

[Event "Eesti naiste MV 2003"]
[Site "Tallinn"]
[Date "2003.08.21"]
[Round "7"]
[White "Makarova, Kermen"]
[Black "Vahtra, Tuuli"]
[Result "0-1"]
[WhiteElo "1733"]
[BlackElo "1957"]
[PlyCount "92"]
[EventDate "2003.08.15"]

1. c4 e5 2. Nc3 Nc6 3. g3 Bc5 4. Bg2 d6 5. e3 Bf5 6. Ne4 Nb4 7. d4 exd4 8. exd4
Bxd4 9. Qb3 Qe7 10. f3 Bxe4 11. fxe4 c5 12. Ne2 Nc6 13. Qb5 Qd7 14. Bd2 Nf6 15.
Bc3 Bxc3+ 16. Nxc3 Nd4 17. Qxd7+ Nxd7 18. O-O O-O 19. Nd5 Nb6 20. Nxb6 axb6 21.
Rf2 Rfe8 22. b3 f6 23. e5 Rxe5 24. Bxb7 Rae8 25. Bd5+ Kf8 26. Raf1 Re1 27. g4
Rxf1+ 28. Kxf1 Re5 29. h4 Ke7 30. g5 Rf5 31. gxf6+ Kxf6 32. Kg2 Rxf2+ 33. Kxf2
Nf5 34. h5 Kg5 35. Bf3 Nd4 36. Bd1 Kf4 37. a3 Ne6 38. b4 Ng5 39. bxc5 dxc5 40.
Bc2 h6 41. Bg6 Ne4+ 42. Ke2 Ng3+ 43. Kf2 Ne4+ 44. Ke2 Nf6 45. Kd3 Kg5 46. Ke3
Nxh5 0-1

[Event "Eesti naiste MV 2003"]
[Site "Tallinn"]
[Date "2003.08.21"]
[Round "7"]
[White "Tsoganova, Monika"]
[Black "Makarova, Natalja"]
[Result "1-0"]
[WhiteElo "2273"]
[BlackElo "1776"]
[PlyCount "53"]
[EventDate "2003.08.15"]

1. d4 d5 2. c4 e6 3. cxd5 exd5 4. Nc3 Nf6 5. Bg5 Be7 6. Qc2 Be6 7. e3 Nbd7 8.
Bd3 h6 9. Bxf6 Nxf6 10. Nge2 c6 11. O-O-O O-O 12. Kb1 b5 13. f3 h5 14. Nf4 Bd7
15. Rhg1 Bd6 16. Nce2 Re8 17. e4 dxe4 18. fxe4 Ng4 19. e5 Ne3 20. Qd2 Nxd1 21.
Rxd1 Be7 22. Qe3 g6 23. e6 fxe6 24. Qe4 Bf6 25. Qxg6+ Kf8 26. Nxh5 Bh8 27. Qh7
1-0